• 首页
  • 本馆介绍
  • 公告通知
  • 最新文献
  • 馆藏检索
  • 电子资源
  • 读者导购
  • 参考咨询
  • 我的图书馆
  • 登录
  • 详细信息显示
  • 放入我的书架
  • 预约/预借图书
  • 作者相关作品
  • 分类相关作品
  • 丛书相关作品
  • 出版社相关作品

书目信息

  • 表格格式
  • 工作单格式
  • 卡片格式
题名:
青少年网络媒介素养教育
    
 
作者: 陈志勇 主编
分册:  
出版信息: 北京   中央编译出版社  2018
页数: 282页
开本: 24cm
丛书名: 当代中国学术文库
单 册:
中图分类: G206.2-49 , TP393-49
科图分类:
主题词: 计算机网络--ji suan ji wang luo--传播媒介--素质教育--青少年读物
电子资源:
ISBN: 978-7-5117-3490-7
000 01276nam 2200289 450
001 012001004075
005 20131016103948.0
010    @a978-7-5117-3490-7@dCNY56.00
099    @aCAL 012018200775
100    @a20181128d2018 demy0chiy50 ea
101 0  @achi
102    @aCN@b110000
105    @aa z 000yy
106    @ar
200 1  @a青少年网络媒介素养教育@Aqing shao nian wang luo mei jie su yang jiao yu@f陈志勇主编
210    @a北京@c中央编译出版社@d2018
215    @a282页@c图@d24cm
225 2  @a当代中国学术文库@Adang dai zhong guo xue shu wen ku
300    @a思想政治教育中青年杰出人才支持计划基金资助 国家社科基金一般项目:自媒体环境下高校社会主义意识形态话语体系建设研究(项目编号:18BKS146)的阶段性研究成果
330    @a本书在介绍当前媒介环境的基础之上,着重聚焦于信息泛滥、网络谣言、娱乐消费、隐私泄露、内容生产、共享文化、网络游戏和线上教育等议题。希望通过本书的浅论,能够增强青少年在使用媒介时的选择、理解、质疑、评估、创造生产力和思辨反应力,切实提高媒介素养。
410  0 @12001 @a当代中国学术文库
606 0  @a计算机网络@Aji suan ji wang luo@x传播媒介@x素质教育@j青少年读物
690    @aG206.2-49@v5
690    @aTP393-49@v5
701  0 @a陈志勇@Achen zhi yong@4主编
801    @b江苏凤凰@c20191020
905    @b1234715-7@dG206.2-49@e826@f3
    
    青少年网络媒介素养教育/陈志勇主编.-北京:中央编译出版社,2018
    282页:图;24cm.-(当代中国学术文库)
    思想政治教育中青年杰出人才支持计划基金资助 国家社科基金一般项目:自媒体环境下高校社会主义意识形态话语体系建设研究(项目编号:18BKS146)的阶段性研究成果
    
    ISBN 978-7-5117-3490-7:CNY56.00
    本书在介绍当前媒介环境的基础之上,着重聚焦于信息泛滥、网络谣言、娱乐消费、隐私泄露、内容生产、共享文化、网络游戏和线上教育等议题。希望通过本书的浅论,能够增强青少年在使用媒介时的选择、理解、质疑、评估、创造生产力和思辨反应力,切实提高媒介素养。
●
相关链接 在E读中查询图书 在五车中查询图书 在当当中查询图书 在豆瓣中查询图书


正题名:青少年网络媒介素养教育     索取号:G206.2-49/826         预约/预借

序号 登录号 条形码 馆藏地/架位号 状态 备注
1 1234715   212347156   第一样本阅览室/ [索取号:G206.2-49/826] 在馆    
2 1234716   212347165   第四借阅区/ [索取号:G206.2-49/826] 在馆    
3 1234717   212347174   教育系资料室/ [索取号:G206.2-49/826] 在馆    
欢迎您!
大连网信软件有限公司© 版权所有